000 00353nam a2200145Ia 4500
008 230711s9999||||xx |||||||||||||| ||und||
041 _aENG
082 _a539
_bFE-L
100 _aFeynman,Richard Phillips
245 0 _aLectures on Physics
250 _a1st . Ed.
260 _c1990
_aNew Delhi
_bNarosa Publishing House
650 _aPhysics
942 _cBK
999 _c522
_d522